[Event "Konig Memorial G/45"]
[Site "San Francisco"]
[Date "2006.04.15"]
[Round "3"]
[White "Shankland, Sam"]
[Black "Goins, Demetrius"]
[Result "1-0"]
[WhiteElo "2084"]
[BlackElo "1947"]
[PlyCount "51"]
[EventDate "2006.04.15"]
[EventType "swiss (rapid)"]
[EventRounds "5"]
[EventCountry "USA"]

1. e4 c5 2. Nc3 d6 3. Nge2 g6 4. d4 cxd4 5. Nxd4 Bg7 6. Be3 Nc6 7. Qd2 Nxd4 8.
Bxd4 Nf6 9. f3 O-O 10. O-O-O Be6 11. Kb1 a6 12. h4 b5 13. h5 b4 14. Nd5 Bxd5
15. exd5 Qa5 16. hxg6 hxg6 17. Bc4 Qc7 18. b3 a5 19. g4 a4 20. Rh4 Rfc8 21.
Rdh1 Kf8 22. Rh8+ Ng8 (22... Bxh8 23. Rxh8+ Ng8 24. Qh6+ Ke8 25. Bb5+) 23.
Bxg7+ Kxg7 24. R1h7+ Kf8 25. Rxg8+ Kxg8 26. Qh6 1-0

[Event "Konig Memorial G/45"]
[Site "San Francisco"]
[Date "2006.04.15"]
[Round "3"]
[White "Starr, Albert"]
[Black "Sandberg, Evan"]
[Result "1-0"]
[WhiteElo "1524"]
[BlackElo "1378"]
[PlyCount "90"]
[EventDate "2006.04.15"]
[EventType "swiss (rapid)"]
[EventRounds "5"]
[EventCountry "USA"]

1. b4 e6 2. Bb2 Nf6 3. b5 d5 4. e3 c6 5. c4 Bd7 6. a4 Bb4 7. Nf3 O-O 8. Be2
cxb5 9. cxb5 Bd6 10. O-O a6 11. Qb3 axb5 12. axb5 Rxa1 13. Bxa1 Re8 14. d3 e5
15. Nbd2 e4 16. dxe4 dxe4 17. Ng5 Be6 18. Nxe6 Rxe6 19. Bc4 Re7 20. Bxf6 gxf6
21. Bd5 f5 22. Ra1 Nd7 23. Nc4 Nc5 24. Qa2 Bxh2+ 25. Kxh2 Qxd5 26. Nb6 Qd6+ 27.
g3 Qxb6 28. Qd5 Nd3 29. Ra8+ Kg7 30. Qxf5 Qg6 31. Qc8 Kf6 32. Kg1 Ne5 33. Rb8
Qh6 34. Qh8+ Qg7 35. Qd8 Ke6 36. Qc8+ Kf6 37. Rxb7 Rxb7 38. Qxb7 Qh6 39. Qxe4
Qh3 40. Qf4+ Qf5 41. Kg2 Qxf4 42. exf4 Nd7 43. g4 Kg6 44. Kf3 f5 45. g5 h6 1-0

[Event "Konig Memorial G/45"]
[Site "San Francisco"]
[Date "2006.04.15"]
[Round "3"]
[White "Zheng, Daniel"]
[Black "Mohan, Vijay"]
[Result "0-1"]
[WhiteElo "1285"]
[BlackElo "1520"]
[PlyCount "62"]
[EventDate "2006.04.15"]
[EventType "swiss (rapid)"]
[EventRounds "5"]
[EventCountry "USA"]

1. e4 c5 2. Nf3 Nc6 3. d4 cxd4 4. Nxd4 g6 5. Be3 Bg7 6. Nc3 Nf6 7. Bc4 O-O 8.
f3 Qb6 9. Rb1 Nxe4 10. Nd5 Qc5 11. b4 Qxc4 12. fxe4 Nxd4 13. Bxd4 Bxd4 14.
Nxe7+ Kg7 15. Qd3 Qc3+ 16. Ke2 d6 17. Nd5 Bg4+ 18. Kf1 Qxd3+ 19. cxd3 Rac8 20.
h3 Be6 21. Ke2 Rc2+ 22. Kf3 Bxd5 23. exd5 Re8 24. Rhe1 Rf2+ 25. Kg3 Ree2 26.
Rxe2 Rxe2 27. a4 Re3+ 28. Kh2 Rxd3 29. Kh1 Be5 30. Rc1 Rxd5 31. Rc7 Rd1# 0-1

[Event "Konig Memorial G/45"]
[Site "San Francisco"]
[Date "2006.04.15"]
[Round "4"]
[White "Goins, Demetrius"]
[Black "Gurtovoy, Jason"]
[Result "1-0"]
[WhiteElo "1947"]
[BlackElo "1712"]
[PlyCount "53"]
[EventDate "2006.04.15"]
[EventType "swiss (rapid)"]
[EventRounds "5"]
[EventCountry "USA"]

1. d4 Nf6 2. Nf3 d5 3. c4 e6 4. Nc3 Be7 5. Bg5 Nbd7 6. e3 O-O 7. Bd3 c5 8. a3
b6 9. O-O Bb7 10. Qe2 Rc8 11. Rfd1 dxc4 12. Bxc4 cxd4 13. Rxd4 Qc7 14. Rad1 Ne5
15. Nxe5 Qxe5 16. Bf4 Qh5 17. Rd7 Qxe2 18. Bxe2 Nxd7 19. Rxd7 Bxa3 20. bxa3
Rxc3 21. Rxb7 Rxa3 22. g4 Rc8 23. Kg2 h6 24. Bf3 Ra4 25. Bb8 Ra2 26. Bxa7 Rcc2
27. Bb8 1-0

[Event "Konig Memorial G/45"]
[Site "San Francisco"]
[Date "2006.04.15"]
[Round "4"]
[White "Kislik, Erik"]
[Black "Shah, Arnav"]
[Result "1-0"]
[WhiteElo "1963"]
[BlackElo "1792"]
[PlyCount "67"]
[EventDate "2006.04.15"]
[EventType "swiss (rapid)"]
[EventRounds "5"]
[EventCountry "USA"]

1. e4 c5 2. Nf3 Nc6 3. d4 cxd4 4. Nxd4 Nf6 5. Nc3 e5 6. Ndb5 d6 7. Bg5 a6 8.
Na3 b5 9. Bxf6 gxf6 10. Nd5 Bg7 11. c3 f5 12. exf5 Bxf5 13. Nc2 O-O 14. Nce3
Be6 15. Bd3 Qg5 16. h4 Qh6 17. Nf5 Bxf5 18. Bxf5 Ra7 19. g4 f6 20. Ne3 Ne7 21.
g5 fxg5 22. Ng4 Qxh4 23. Rxh4 gxh4 24. Be6+ Kh8 25. Qxd6 Ng6 26. O-O-O Raa8 27.
Qc7 h5 28. Bd5 Rad8 29. Be4 Rxd1+ 30. Kxd1 hxg4 31. Bxg6 h3 32. Qe7 Rf6 33.
Qd8+ Rf8 34. Qh4+ 1-0

[Event "Konig Memorial G/45"]
[Site "San Francisco"]
[Date "2006.04.15"]
[Round "4"]
[White "Krubnik, Ewelina"]
[Black "Cruz, Michael Da"]
[Result "1-0"]
[WhiteElo "1768"]
[BlackElo "1882"]
[PlyCount "64"]
[EventDate "2006.04.15"]
[EventType "swiss (rapid)"]
[EventRounds "5"]
[EventCountry "USA"]

1. d4 d5 2. c4 e6 3. Nc3 c5 4. e3 Nf6 5. Nf3 Nc6 6. dxc5 Bxc5 7. cxd5 exd5 8.
Be2 O-O 9. O-O Bg4 10. Nb5 a6 11. Nbd4 Re8 12. a3 Qb6 13. b4 Nxd4 14. bxc5
Nxe2+ 15. Qxe2 Qxc5 16. Bb2 Rac8 17. Rfc1 Qb6 18. Bd4 Rxc1+ 19. Rxc1 Qb3 20.
Qb2 Qxb2 21. Bxb2 Ne4 22. h3 Bxf3 23. gxf3 Nd2 24. Kg2 Nc4 25. Rb1 b5 26. Bc1
f5 27. Rb3 Kf7 28. Rd3 Ke6 29. Rd4 Kd6 30. Kf1 Kc5 31. Ke2 Re6 32. Rh4 h6 {
remainder illegible} 1-0

[Event "Konig Memorial G/45"]
[Site "San Francisco"]
[Date "2006.04.15"]
[Round "4"]
[White "Kumar, Jay"]
[Black "Starr, Albert"]
[Result "1-0"]
[WhiteElo "1587"]
[BlackElo "1524"]
[PlyCount "95"]
[EventDate "2006.04.15"]
[EventType "swiss (rapid)"]
[EventRounds "5"]
[EventCountry "USA"]

1. e4 c5 2. Nf3 e6 3. c3 a6 4. d4 b5 5. Bd3 Bb7 6. Bf4 c4 7. Bc2 d6 8. Nbd2 Nf6
9. Qe2 Be7 10. a4 O-O 11. O-O Nbd7 12. Bg3 g6 13. e5 dxe5 14. dxe5 Nh5 15. Rfd1
Qc7 16. Re1 Rad8 17. Nd4 bxa4 18. Bxa4 Bd5 19. Bxd7 Rxd7 20. Rxa6 Qb7 21. Ra2
Bxg2 22. f3 Bh3 23. Nxc4 Bc5 24. Bf2 Nf4 25. Qe4 Ng2 26. Qxb7 Rxb7 27. Rd1 Nf4
28. Na5 Ra7 29. Ndc6 Bxf2+ 30. Kxf2 Ra6 31. b4 Nd5 32. Rc2 Rc8 33. Rxd5 exd5
34. Ne7+ Kf8 35. Nxc8 Bxc8 36. Ke3 Ke7 37. Kd4 Ke6 38. Nb3 Kf5 39. Nc5 Ra1 40.
Kxd5 Rf1 41. Kc6 Kf4 42. b5 Rxf3 43. b6 Kxe5 44. Kc7 f5 45. Kxc8 Re3 46. b7 Kd6
47. b8=Q+ Kxc5 48. Qa7+ 1-0

[Event "Konig Memorial G/45"]
[Site "San Francisco"]
[Date "2006.04.15"]
[Round "4"]
[White "Mohan, Vijay"]
[Black "Chan, John"]
[Result "1-0"]
[WhiteElo "1520"]
[BlackElo "1692"]
[PlyCount "78"]
[EventDate "2006.04.15"]
[EventType "swiss (rapid)"]
[EventRounds "5"]
[EventCountry "USA"]

1. e4 c5 2. Nc3 d6 3. f4 Nc6 4. Nf3 Bg4 5. Bb5 a6 6. Bxc6+ bxc6 7. h3 Bxf3 8.
Qxf3 Qc7 9. O-O Nf6 10. d3 g6 11. Bd2 Bg7 12. Rae1 O-O 13. f5 Rad8 14. Bf4 Nh5
15. Bh2 Bd4+ 16. Kh1 Ng7 17. Nd1 Qa5 18. c3 Bf6 19. a3 Qb5 20. Re2 a5 21. Nf2
Be5 22. Ng4 Bxh2 23. Kxh2 c4 24. Nh6+ Kh8 25. d4 Qb8 26. Ref2 f6 27. Qg3 g5 28.
h4 d5 29. e5 Nh5 30. Qf3 Nf4 31. g3 Nd3 32. Qh5 Nxf2 33. Rxf2 fxe5 34. hxg5 e4
35. g6 Qd6 36. Ng8 Rf7 37. gxf7 Rxg8 38. fxg8=Q+ Kxg8 39. Qe8+ Kg7 {
remainder illegible} 1-0

[Event "Konig Memorial G/45"]
[Site "San Francisco"]
[Date "2006.04.15"]
[Round "4"]
[White "Sowell, Nelson"]
[Black "Rodel, Max"]
[Result "1-0"]
[WhiteElo "1700"]
[BlackElo "1700"]
[PlyCount "49"]
[EventDate "2006.04.15"]
[EventType "swiss (rapid)"]
[EventRounds "5"]
[EventCountry "USA"]

1. d4 d5 2. c4 e6 3. g3 b6 4. Bg2 Bb7 5. Nf3 Nf6 6. O-O Be7 7. Nc3 O-O 8. Qb3
Nbd7 9. Rd1 c5 10. cxd5 Nxd5 11. Ne5 cxd4 12. Nxd7 Qxd7 13. Nxd5 Bxd5 14. Bxd5
exd5 15. Rxd4 Bc5 16. Rxd5 Qe6 17. Qd3 Rfe8 18. e3 Qf6 19. Bd2 Qxb2 20. Bc3 Qa3
21. Qc4 Rac8 22. Rd7 Rf8 23. Qd3 Qa4 24. Qf5 Rcd8 25. Qg5 1-0

[Event "Konig Memorial G/45"]
[Site "San Francisco"]
[Date "2006.04.15"]
[Round "4"]
[White "Vayntrub, Dmitry"]
[Black "Agarwal, Rohan"]
[Result "1-0"]
[WhiteElo "2120"]
[BlackElo "1788"]
[PlyCount "57"]
[EventDate "2006.04.15"]
[EventType "swiss (rapid)"]
[EventRounds "5"]
[EventCountry "USA"]

1. e4 e5 2. Nf3 d5 3. exd5 Bd6 4. Nc3 Nf6 5. Bb5+ c6 6. dxc6 bxc6 7. Be2 e4 8.
Ng5 Bf5 9. d3 exd3 10. Bxd3 Bxd3 11. Qxd3 O-O 12. O-O Qc7 13. Nce4 Nxe4 14.
Qxe4 g6 15. Qh4 h5 16. Ne4 Be7 17. Bg5 Re8 18. Nf6+ Bxf6 19. Bxf6 Nd7 20. Bc3
Rad8 21. Rae1 Qd6 22. Rd1 Qe7 23. Qf4 Kh7 24. Rfe1 Qf8 25. Rxe8 Qxe8 26. Qd4
Qf8 27. h3 c5 28. Qd6 Qe8 29. Ba5 1-0

[Event "Konig Memorial G/45"]
[Site "San Francisco"]
[Date "2006.04.15"]
[Round "5"]
[White "Agarwal, Rohan"]
[Black "Mohan, Vijay"]
[Result "1/2-1/2"]
[WhiteElo "1788"]
[BlackElo "1520"]
[PlyCount "62"]
[EventDate "2006.04.15"]
[EventType "swiss (rapid)"]
[EventRounds "5"]
[EventCountry "USA"]

1. e4 c5 2. b4 cxb4 3. d4 d5 4. exd5 Qxd5 5. Nf3 Bg4 6. c4 Qa5 7. Bd3 e6 8. O-O
Nf6 9. Bg5 Qxg5 10. Qa4+ b5 11. Qd1 Qh5 12. Nbd2 Bd6 13. c5 Bxh2+ 14. Kh1 Bf4+
15. Kg1 Bxd2 16. Bxb5+ Nbd7 17. Qxd2 O-O 18. Nh2 Rab8 19. Bxd7 Nxd7 20. f3 Bf5
21. g4 Qg6 22. Kf2 Bd3 23. Rh1 Bc4 24. Rac1 Bd5 25. c6 Nb6 26. Qxb4 Qd3 27.
Rhd1 Qa6 28. c7 Rbc8 29. g5 Qxa2+ 30. Rd2 Qb3 31. Qe7 Nc4 1/2-1/2

[Event "Konig Memorial G/45"]
[Site "San Francisco"]
[Date "2006.04.15"]
[Round "5"]
[White "Krubnik, Ewelina"]
[Black "Goins, Demetrius"]
[Result "0-1"]
[WhiteElo "1768"]
[BlackElo "1947"]
[PlyCount "54"]
[EventDate "2006.04.15"]
[EventType "swiss (rapid)"]
[EventRounds "5"]
[EventCountry "USA"]

1. d4 d5 2. c4 e6 3. Nc3 Nf6 4. Bg5 Nbd7 5. e3 Be7 6. Bd3 c6 7. Nge2 dxc4 8.
Bxc4 b5 9. Bd3 Bb7 10. O-O a6 11. Ng3 c5 12. dxc5 Nxc5 13. Bc2 O-O 14. Qe2 b4
15. Rfd1 Qb6 16. Nb1 Rfd8 17. Nd2 Qc6 18. Nf3 Ncd7 19. Rac1 Qb6 20. Bf4 Rac8
21. h3 h6 22. Nf1 a5 23. Bb1 Nd5 24. Bh2 N7f6 25. e4 Nc7 26. e5 Nd7 27. N1d2
Qa6 {remainder illegible} 0-1

[Event "Konig Memorial G/45"]
[Site "San Francisco"]
[Date "2006.04.15"]
[Round "5"]
[White "Salinas, Chad"]
[Black "Young, Gregory"]
[Result "0-1"]
[WhiteElo "1944"]
[BlackElo "1870"]
[PlyCount "57"]
[EventDate "2006.04.15"]
[EventType "swiss (rapid)"]
[EventRounds "5"]
[EventCountry "USA"]

1. d4 f5 2. Nc3 d5 3. Nf3 e6 4. Bg5 Nf6 5. e3 Be7 6. Bd3 b6 7. Qe2 c5 8. Bb5+
Bd7 9. O-O O-O 10. Ne5 Bxb5 11. Qxb5 Nfd7 12. Bxe7 Qxe7 13. f4 a6 14. Qe2 Nxe5
15. fxe5 b5 16. Rf3 Nc6 17. Rd1 f4 18. Rh3 fxe3 19. Qd3 g6 20. Ne2 cxd4 21.
Nxd4 Nxd4 22. Qxd4 e2 23. Re1 Qg5 24. Re3 Rf4 25. Qb6 Qf5 26. R3xe2 Rf8 27. g3
Rf1+ 28. Kg2 Qf3+ 29. Kh3 0-1

[Event "Konig Memorial G/45"]
[Site "San Francisco"]
[Date "2006.04.15"]
[Round "5"]
[White "Salvo, Tab"]
[Black "Mitev, Krassen"]
[Result "1/2-1/2"]
[WhiteElo "1737"]
[BlackElo "1482"]
[PlyCount "88"]
[EventDate "2006.04.15"]
[EventType "swiss (rapid)"]
[EventRounds "5"]
[EventCountry "USA"]

1. Nf3 Nf6 2. g3 g6 3. c4 c6 4. b3 Bg7 5. Bb2 O-O 6. d3 d6 7. Bg2 e5 8. Nbd2
Nbd7 9. O-O a5 10. Qc2 Nh5 11. e4 f5 12. exf5 gxf5 13. Rad1 Ndf6 14. Nh4 Ng4
15. Ndf3 Qb6 16. Ba3 Qc7 17. Rde1 Bh6 18. Bc1 Qg7 19. Bxh6 Qxh6 20. c5 d5 21.
Nxe5 Qf6 22. f4 Ng7 23. d4 Ne6 24. Qd2 Nc7 25. Bf3 Qg7 26. a4 Be6 27. Be2 Nxe5
28. dxe5 Bd7 29. Bd3 Be6 30. Qc2 Qf7 31. Nf3 h6 32. Nd4 Na6 33. Bxa6 Rxa6 34.
Qe2 Raa8 35. Kf2 Kh7 36. Rg1 Rg8 37. Rg2 Rae8 38. Reg1 Rg6 39. Ke1 Qe7 {guess}
40. Qd2 Qg7 41. Qxa5 Qe7 42. Qb6 Rg7 43. b4 Ra8 44. b5 Rxa4 1/2-1/2

[Event "Konig Memorial G/45"]
[Site "San Francisco"]
[Date "2006.04.15"]
[Round "5"]
[White "Sandberg, Evan"]
[Black "Rodel, Max"]
[Result "1-0"]
[WhiteElo "1378"]
[BlackElo "1700"]
[PlyCount "107"]
[EventDate "2006.04.15"]
[EventType "swiss (rapid)"]
[EventRounds "5"]
[EventCountry "USA"]

1. e4 c5 2. Nf3 d6 3. d4 cxd4 4. Nxd4 Nf6 5. Nc3 g6 6. Be3 Bg7 7. Be2 Nc6 8.
Nxc6 bxc6 9. Qd2 O-O 10. Bh6 Rb8 11. Bxg7 Kxg7 12. Rb1 Qa5 13. O-O Be6 14. b3
Rfd8 15. Qe3 Rb4 16. a3 Rb7 17. a4 Rb4 18. Rfd1 Bg4 19. f3 Be6 20. Na2 Rb7 21.
Qc3 Qb6+ 22. Kf1 Kg8 23. a5 Qc7 24. Ba6 Rbb8 25. Bc4 d5 26. Bxd5 Nxd5 27. exd5
Bxd5 28. Kg1 Rb5 29. Nb4 Qxa5 30. Nxd5 Rbxd5 31. Qxc6 Qb6+ 32. Qxb6 axb6 33.
Rxd5 Rxd5 34. Re1 e6 35. Kf2 Kg7 36. Ke2 Kf6 37. Rd1 Ke5 38. Rxd5+ exd5 39. Kd3
b5 40. g3 g5 41. Ke3 f5 42. f4+ gxf4+ 43. gxf4+ Kd6 44. Kd4 b4 45. c3 bxc3 46.
Kxc3 Kc5 47. b4+ Kd6 48. Kd4 h6 49. b5 h5 50. h4 Ke6 51. b6 Kd6 52. b7 Kc7 53.
Kxd5 Kxb7 54. Ke5 1-0

[Event "Konig Memorial G/45"]
[Site "San Francisco"]
[Date "2006.04.15"]
[Round "5"]
[White "Starr, Albert"]
[Black "Sowell, Nelson"]
[Result "0-1"]
[WhiteElo "1524"]
[BlackElo "1700"]
[PlyCount "146"]
[EventDate "2006.04.15"]
[EventType "swiss (rapid)"]
[EventRounds "5"]
[EventCountry "USA"]

1. b4 b6 2. Bb2 Bb7 3. e3 Nf6 4. Nf3 e6 5. b5 d5 6. Be2 Be7 7. O-O O-O 8. d3 a6
9. a4 axb5 10. axb5 Rxa1 11. Bxa1 Nbd7 12. Nbd2 Qa8 13. c4 Qa3 14. Qb3 Ra8 15.
Qxa3 Rxa3 16. Bb2 Ra2 17. Rb1 Nc5 18. Bd4 Na4 19. Ra1 Rxa1+ 20. Bxa1 Bb4 21. d4
Bc3 22. Bxc3 Nxc3 23. Bf1 c6 24. bxc6 Bxc6 25. Ne5 Bb7 26. Ndf3 dxc4 27. Bxc4
b5 28. Bb3 Bd5 29. Bxd5 Nfxd5 30. Nd2 f6 31. Nd3 Na2 32. Nb3 Kf7 33. Kf1 Ke7
34. Ke1 Kd6 35. Kd2 e5 36. dxe5+ fxe5 37. e4 Ndb4 38. g3 Nc6 39. f4 Nab4 40.
fxe5+ Ke6 41. Nbc5+ Ke7 42. Nxb4 Nxb4 43. Kc3 Nc6 44. e6 Kd6 45. Nd7 h6 46. Nf8
Ke7 47. Ng6+ Kxe6 48. g4 Kf6 49. Nf8 Ke5 50. Kd3 b4 51. Nd7+ Kf4 52. h3 Ne5+
53. Nxe5 Kxe5 54. h4 b3 55. Kc3 Kxe4 56. Kxb3 Kf4 57. g5 h5 58. g6 Kg4 59. Kc4
Kxh4 60. Kd5 Kg5 61. Ke4 Kxg6 62. Kf3 Kf5 63. Kg3 g5 64. Kf3 g4+ 65. Kg3 Ke4
66. Kf2 h4 67. Kg2 g3 68. Kg1 Ke3 69. Kh1 Kf3 70. Kg1 h3 71. Kh1 Ke2 72. Kg1 g2
73. Kh2 Kf1 0-1

[Event "Konig Memorial G/45"]
[Site "San Francisco"]
[Date "2006.04.15"]
[Round "5"]
[White "Vayntrub, Dmitry"]
[Black "Sathe, Rohan"]
[Result "1-0"]
[WhiteElo "2120"]
[BlackElo "1871"]
[PlyCount "72"]
[EventDate "2006.04.15"]
[EventType "swiss (rapid)"]
[EventRounds "5"]
[EventCountry "USA"]

1. d4 c5 2. c3 cxd4 3. cxd4 d5 4. Nf3 Nc6 5. Nc3 Nf6 6. e3 a6 7. Bd3 Bg4 8. Qb3
Na5 9. Qa4+ b5 10. Qd1 e6 11. h3 Bh5 12. g4 Bg6 13. Ne5 Bxd3 14. Qxd3 Bd6 15.
Bd2 Bxe5 16. dxe5 Nd7 17. f4 Qh4+ 18. Ke2 Nc4 19. Be1 Qe7 20. b3 Ncb6 21. g5 g6
22. h4 h5 23. Kf2 O-O 24. Ne2 Nc5 25. Qd4 Ne4+ 26. Kg2 Qb7 27. Ba5 Nd7 28. Rac1
Rac8 29. Ng3 Nxg3 30. Kxg3 Nb8 31. Qb6 Qxb6 32. Bxb6 Nd7 33. Bd4 Rfd8 34. Kf2
Kf8 35. Ke2 Ke7 36. Kd2 Nb8 1-0

[Event "Powell Memorial G/45"]
[Site "San Francisco"]
[Date "2006.05.06"]
[Round "1"]
[White "Falconer, Neil"]
[Black "Wu, Christopher"]
[Result "1-0"]
[WhiteElo "1961"]
[BlackElo "1428"]
[PlyCount "66"]
[EventDate "2006.05.06"]
[EventType "swiss (rapid)"]
[EventRounds "5"]
[EventCountry "USA"]

1. e4 d5 2. exd5 Qxd5 3. Nc3 Qa5 4. d4 c6 5. Bd3 Nf6 6. a3 Bg4 7. f3 Bh5 8.
Nge2 e6 9. O-O Nbd7 10. Bf4 h6 11. b4 Qd8 12. g4 g5 13. Bg3 Bg6 14. Bxg6 fxg6
15. Qd3 Rg8 16. Ne4 Qb6 17. Nd6+ Bxd6 18. Bxd6 O-O-O 19. a4 Rde8 20. a5 Qd8 21.
b5 cxb5 22. Qc3+ Nc5 23. Qxc5+ Kd7 24. Be5 Nd5 25. Qd6+ Kc8 26. Qb8+ Kd7 27.
Qxb7+ Nc7 28. Qxa7 Qb8 29. Qxc7+ Qxc7 30. Bxc7 Kxc7 31. Nc3 Kd6 32. Ne4+ Kc6
33. Rfb1 Kc7 {remainder illegible} 1-0

[Event "Powell Memorial G/45"]
[Site "San Francisco"]
[Date "2006.05.06"]
[Round "1"]
[White "Hoo, Jonathan Soo"]
[Black "Garbe, Kurt"]
[Result "1-0"]
[WhiteElo "1839"]
[BlackElo "1243"]
[PlyCount "79"]
[EventDate "2006.05.06"]
[EventType "swiss (rapid)"]
[EventRounds "5"]
[EventCountry "USA"]

1. e4 c5 2. Nf3 Nc6 3. d4 cxd4 4. Nxd4 g6 5. c4 Bg7 6. Be3 Nf6 7. Nc3 Ng4 8.
Qxg4 Nxd4 9. Qd1 Ne6 10. Qd2 d6 11. Be2 Bd7 12. O-O Bc6 13. Nd5 O-O 14. Rab1
Nc7 15. f3 b6 16. Bg5 Re8 17. Rfe1 Ne6 18. Be3 Nc7 19. b4 Ne6 20. f4 Nc7 21. f5
e6 22. fxe6 fxe6 23. Bg5 Qd7 24. Bg4 Rf8 25. b5 Bb7 26. Nxc7 Qxc7 27. Bxe6+ Kh8
28. Bd5 Be5 29. Bh6 Rf6 30. Rf1 Bxd5 31. Qxd5 Qc5+ 32. Qxc5 bxc5 33. a4 Kg8 34.
a5 Kf7 35. Bg5 Bd4+ 36. Kh1 Rxf1+ 37. Rxf1+ Ke6 38. Bh6 Ke5 39. Rf8 Rxf8 40.
Bxf8 {remainder illegible} 1-0

[Event "Powell Memorial G/45"]
[Site "San Francisco"]
[Date "2006.05.06"]
[Round "1"]
[White "Mohan, Vijay"]
[Black "Malkiel, Dan"]
[Result "0-1"]
[WhiteElo "1520"]
[BlackElo "2110"]
[PlyCount "45"]
[EventDate "2006.05.06"]
[EventType "swiss (rapid)"]
[EventRounds "5"]
[EventCountry "USA"]

1. e4 e6 2. d4 d5 3. exd5 exd5 4. Bd3 Nc6 5. c3 Bd6 6. Nf3 Bg4 7. O-O Nge7 8.
Nbd2 Qd7 9. Re1 O-O-O 10. Qc2 f6 11. Qa4 Kb8 12. b3 h5 13. Ba3 h4 14. Bxd6 Qxd6
15. h3 Bd7 16. Bb5 g5 17. Re3 Nf5 18. Re2 a6 19. Bxc6 Bxc6 20. Qb4 Qxb4 21.
cxb4 Rhe8 22. Rae1 Bb5 23. Re6 {time exp, most likely} 0-1

[Event "Powell Memorial G/45"]
[Site "San Francisco"]
[Date "2006.05.06"]
[Round "1"]
[White "Rekun, Kyrill"]
[Black "Kislik, Erik"]
[Result "0-1"]
[WhiteElo "1432"]
[BlackElo "1963"]
[PlyCount "78"]
[EventDate "2006.05.06"]
[EventType "swiss (rapid)"]
[EventRounds "5"]
[EventCountry "USA"]

1. d4 Nf6 2. c4 g6 3. Nc3 Bg7 4. e4 d6 5. Nf3 O-O 6. Be2 e5 7. dxe5 dxe5 8. O-O
Nbd7 9. Be3 Ng4 10. Bd2 f5 11. h3 Ngf6 12. exf5 gxf5 13. Ng5 Qe7 14. Qc2 e4 15.
h4 Ne5 16. Nd1 Nfg4 17. f3 exf3 18. Bxf3 Qd6 19. Bd5+ Kh8 20. Ne3 c6 21. Nxg4
Nxg4 22. Bf4 Qc5+ 23. Kh1 cxd5 24. Rf3 h6 25. Nh3 dxc4 26. Rd1 Qb6 27. Qxc4 Be6
28. Qe2 Rad8 29. Re1 Bd5 30. Rd3 Bc4 31. Red1 Rd4 32. Be3 Nxe3 33. Qxe3 Bxd3
34. Rxd3 Rxd3 35. Qxd3 Re8 36. Qf1 Qb4 37. Kh2 Qxh4 38. Qxf5 Be5+ 39. Qxe5+
Rxe5 0-1

[Event "Powell Memorial G/45"]
[Site "San Francisco"]
[Date "2006.05.06"]
[Round "1"]
[White "Shankland, Sam"]
[Black "Tsai, Chris"]
[Result "1-0"]
[WhiteElo "2084"]
[BlackElo "1509"]
[PlyCount "54"]
[EventDate "2006.05.06"]
[EventType "swiss (rapid)"]
[EventRounds "5"]
[EventCountry "USA"]

1. e4 c5 2. Nf3 Nc6 3. d4 cxd4 4. Nxd4 Nf6 5. Nc3 e5 6. Ndb5 d6 7. Bg5 a6 8.
Na3 b5 9. Bxf6 gxf6 10. Nd5 Bg7 11. c3 f5 12. Bd3 Be6 13. O-O Rc8 14. Nc2 f4
15. Qh5 Ne7 16. Qg5 Ng6 17. Qxd8+ Rxd8 18. a4 Rb8 19. axb5 axb5 20. Bxb5+ Rxb5
21. Nc7+ Kd7 22. Nxb5 Bc4 23. Ra7+ Kc6 24. Rc7+ Kxb5 25. Na3+ Kb6 26. Rxc4 Nh4
27. Rd1 Rd8 1-0

[Event "Powell Memorial G/45"]
[Site "San Francisco"]
[Date "2006.05.06"]
[Round "1"]
[White "Smelansky, Vadim"]
[Black "Zhu, Jessica"]
[Result "1-0"]
[WhiteElo "1789"]
[BlackElo "1085"]
[PlyCount "61"]
[EventDate "2006.05.06"]
[EventType "swiss (rapid)"]
[EventRounds "5"]
[EventCountry "USA"]

1. e4 c5 2. f4 Nc6 3. Nf3 Nf6 4. e5 Nd5 5. Nc3 Nxf4 6. d4 cxd4 7. Nxd4 Ng6 8.
Nxc6 bxc6 9. e6 Ne5 10. Bf4 Ng6 11. exf7+ Kxf7 12. Qh5 Kg8 13. Be3 e6 14. g3
Bb4 15. Bd3 Ne7 16. O-O g6 17. Qf3 Nf5 18. g4 Qe7 19. gxf5 exf5 20. Bd4 Bb7 21.
Ne4 Qg7 {score sheet may be incorrect} 22. Nf6+ Kf8 23. c3 Bd6 24. Rae1 Qf7 25.
b3 Bc7 26. Qe3 h5 27. Nxd7+ Qxd7 28. Bxh8 Kf7 29. Bc4+ Kf8 30. Qh6+ Qg7 31.
Bxg7# 1-0

[Event "Powell Memorial G/45"]
[Site "San Francisco"]
[Date "2006.05.06"]
[Round "1"]
[White "Vayntrub, Dmitry"]
[Black "Kumar, Jay"]
[Result "1-0"]
[WhiteElo "2120"]
[BlackElo "1587"]
[PlyCount "42"]
[EventDate "2006.05.06"]
[EventType "swiss (rapid)"]
[EventRounds "5"]
[EventCountry "USA"]

1. e4 c5 2. Nc3 Nc6 3. f4 g6 4. Nf3 Bg7 5. Bb5 e6 6. Bxc6 bxc6 7. d3 d5 8. O-O
Ne7 9. Bd2 Ba6 10. b3 d4 11. Na4 Qd6 12. Qc1 Bb5 13. Qa3 Bxa4 14. Qxa4 O-O 15.
Bc1 Nc8 16. Qa5 Nb6 17. Nd2 Rfb8 18. Ba3 Bf8 19. e5 Qd5 20. Ne4 Be7 21. Bc1 Re8
{remainder illegible} 1-0

[Event "Powell Memorial G/45"]
[Site "San Francisco"]
[Date "2006.05.06"]
[Round "1"]
[White "Zavadsky, Peter"]
[Black "Maparara, Anthony"]
[Result "1-0"]
[WhiteElo "2302"]
[BlackElo "1610"]
[PlyCount "56"]
[EventDate "2006.05.06"]
[EventType "swiss (rapid)"]
[EventRounds "5"]
[EventCountry "USA"]

1. d4 d5 2. c4 Nf6 3. cxd5 Qxd5 4. Nc3 Qd8 5. e4 e6 6. Nf3 Be7 7. Bb5+ Bd7 8.
Bc4 O-O 9. O-O c5 10. e5 Ne8 11. dxc5 Bc6 12. Qxd8 Bxd8 13. Nd4 Nd7 14. Nxc6
bxc6 15. Re1 Nxc5 16. b4 Nb7 17. a4 Nc7 18. Ba3 Be7 19. b5 Bxa3 20. Rxa3 Na5
21. Be2 c5 22. Ne4 Nd5 23. Nxc5 Rac8 24. Ne4 Rc2 25. Bd3 Rb2 26. Nc3 f6 27.
exf6 Rxf6 28. f3 Nc6 {remainder illegible} 1-0

[Event "Powell Memorial G/45"]
[Site "San Francisco"]
[Date "2006.05.06"]
[Round "1"]
[White "Zheng, Daniel"]
[Black "Young, Gregory"]
[Result "0-1"]
[WhiteElo "1285"]
[BlackElo "1870"]
[PlyCount "70"]
[EventDate "2006.05.06"]
[EventType "swiss (rapid)"]
[EventRounds "5"]
[EventCountry "USA"]

1. e4 c5 2. Nf3 Nc6 3. d4 cxd4 4. Nxd4 g6 5. Be3 Bg7 6. Nc3 Nf6 7. Bc4 O-O 8.
f3 Qb6 9. Rb1 Nxe4 10. Nd5 Qa5+ 11. b4 Nxb4 12. Nxb4 Nc3 13. Qc1 Nxb1 14. Qxb1
Qc5 15. Qb3 Bxd4 16. Bxd4 Qxd4 17. Qd3 Qa1+ 18. Qd1 Qc3+ 19. Kf2 Qxc4 20. Qd2
e5 21. c3 a5 22. Nd5 Qc5+ 23. Kg3 Ra6 24. Re1 Re8 25. h3 Rd6 26. Rd1 Rxd5 27.
Qxd5 Qxd5 28. Rxd5 b6 29. Rb5 Re6 30. c4 f6 31. Kf2 Rc6 32. h4 Kf7 33. Ke2 Ba6
34. Kd2 Bxb5 35. cxb5 Rc5 0-1

[Event "Powell Memorial G/45"]
[Site "San Francisco"]
[Date "2006.05.06"]
[Round "1"]
[White "Zhu, Kevin"]
[Black "Sanguinetti, George"]
[Result "1-0"]
[WhiteElo "1358"]
[BlackElo "1959"]
[PlyCount "30"]
[EventDate "2006.05.06"]
[EventType "swiss (rapid)"]
[EventRounds "5"]
[EventCountry "USA"]

1. e4 c5 2. Nf3 d6 3. d4 cxd4 4. Nxd4 g6 5. Nc3 Bg7 6. Be3 Nc6 7. Bc4 h5 8. Qd2
Nf6 9. O-O-O Ng4 10. Bg5 f6 11. Be3 Nxe3 12. Qxe3 Bh6 13. f4 Qb6 14. Nd5 Qc5
15. Nc7+ Kd8 {remainder illegible} 1-0